000 00376cam a2200145 4500
008 040914n2005 000 0 eng u
020 _a1405121491
035 _a(Sirsi) u127369
100 _aGrimshaw, R.
245 _aFacilities management in networked organisation
260 _aBlackwells
_c2005
350 _a45.00
520 _aDue for publication 2005
942 _n0
999 _c103763
_d103763